Statistics for Sveriges regenter efter Kalmarunionen

Click here to take the quiz!

General Stats

  • This quiz has been taken 681 times
  • The average score is 17 of 23

Answer Stats

RegeringNamn% Correct
1523–1560Gustav Vasa
98%
1660–1697Karl XI
90%
1697–1718Karl XII
88%
1632–1654Drottning Kristina
87%
1771–1792Gustav III
86%
1611–1632Gustav II Adolf
83%
1973–Carl XVI Gustaf
81%
1568–1592Johan III
80%
1604–1611Karl IX
79%
1560–1568Erik XIV
78%
1592–1599Sigismund
78%
1872–1907Oscar II
76%
1844–1859Oscar I
75%
1907–1950Gustaf V
73%
1809–1818Karl XIII
71%
1859–1872Karl XV
70%
1654–1660Karl X Gustav
64%
1718–1720Ulrika Eleonora
64%
1818–1844Karl XIV Johan
63%
1950–1973Gustaf VI Adolf
58%
1792–1809Gustav IV Adolf
57%
1720–1751Fredrik I
55%
1751–1771Adolf Fredrik
52%

Score Distribution

Percentile by Number Answered

Percent of People with Each Score

Your Score History

You have not taken this quiz